000 00587nam a2200217 i 4500
001 145712
003 ES-MaACL
005 20250902055926.0
007 t|
008 071016s1919 xxu ||||1| eng d
080 _a658
080 _a330.14
100 1 _aVeblen, Thorstein.
_9113507
245 1 4 _aThe theory of business enterprise /
_cby Thorstein Veblen.
260 _aNew York :
_bCharles Scribner's Sons,
_c1919.
300 _a400 p. ;
_c20 cm.
650 0 7 _aEmpresas
_2embne
_912209
650 _aCapital.
_910758
852 _aES-MaACL
_jE-13180
999 _c145712
_d145712